LEADER 03956nam 2200637 450 001 9910132173703321 005 20200520144314.0 010 $a1-118-28507-7 010 $a1-118-28560-3 010 $a1-118-28572-7 035 $a(CKB)3710000000214415 035 $a(EBL)1758399 035 $a(SSID)ssj0001288450 035 $a(PQKBManifestationID)11949727 035 $a(PQKBTitleCode)TC0001288450 035 $a(PQKBWorkID)11292409 035 $a(PQKB)10658943 035 $a(OCoLC)887111100 035 $a(MiAaPQ)EBC1758399 035 $a(DLC) 2014027682 035 $a(MiAaPQ)EBC4033810 035 $a(Au-PeEL)EBL1758399 035 $a(CaPaEBR)ebr10928100 035 $a(OCoLC)883749238 035 $a(Au-PeEL)EBL4033810 035 $a(CaPaEBR)ebr11109381 035 $a(CaONFJC)MIL633710 035 $a(PPN)191669962 035 $a(EXLCZ)993710000000214415 100 $a20140918h20142014 uy 0 101 0 $aeng 135 $aurcnu|||||||| 181 $ctxt 182 $cc 183 $acr 200 00$aCell and molecular biology and imaging of stem cells /$feditor, Heide Schatten 205 $a1st ed. 210 1$aHoboken, New Jersey :$cWiley Blackwell,$d2014. 210 4$dİ2014 215 $a1 online resource (306 p.) 300 $aDescription based upon print version of record. 311 $a1-118-28410-0 320 $aIncludes bibliographical references at the end of each chapters and index. 327 $aCell and molecular biology and imaging of stem cells : stem cells from the amniotic fluid and placenta / Amritha Kidiyoor, Sean V. Murphy, and Anthony Atala -- Biomaterials as artificial niches for pluripotent stem cell engineering / Kyung Min Park and Sharon Gerecht -- Low-intensity ultrasound in stem cells and tissue engineering / Byung Hyune Choi, Kil Hwan Kim, Mrigendra Bir Karmacharya, Byoung-Hyun Min, and So Ra Park -- Mammalian neo-oogenesis from ovarian stem cells in vivo and in vitro / Antonin Bukovsky and Michael R. Caudle -- Oct4-EGFP transgenic pigs as a new tool for visualization of pluripotent and reprogrammed cells / Monika Nowak-Imialek and Heiner Niemann -- Regulation of adult intestinal stem cells through thyroid hormone-induced tissue interactions during amphibian metamorphosis / Atsuko Ishizuya-Oka -- Stem cell therapy for veterinary orthopedic lesions / Anna Paula Balesdent Barreira and Ana Liz Garcia Alves -- Sex steroid combinations in regenerative medicine for brain and heart diseases : the vascular stem cell niche and a clinical proposal / Antonin Bukovsky and Michael R. Caudle -- Hair follicle stem cells / Hilda Amalia Pasolli -- The potential of using induced pluripotent stem cells in skin diseases / Shigeki Ohta, Ophelia Veraitch, Hideyuki Okano, Manabu Ohyama, and Yutaka Kawakami -- Mitochondrial differentiation in early embryo cells and pluripotent stem cells / Heide Schatten, Qing-Yuan Sun, and Randall S. Prather -- The role of centrosomes in cancer stem cell functions / Heide Schatten. 330 $aA comprehensive and timely review of developments in the field, Cell and Molecular Biology of Stem Cell Imaging features original and review articles written by experts in their fields. Chapters cover a broad spectrum of the field, from novel imaging with multiphoton flow cytometry for the identification of biomarkers and applications, to embryoid bodies and the central nervous system, and the role of centrosomes in stem cell division and differentiation. The text is a must-read for graduate students and academic and industry professionals in the expanding field of stem cell biology. 606 $aStem cells 615 0$aStem cells. 676 $a616.02/774 702 $aSchatten$b Heide 801 0$bMiAaPQ 801 1$bMiAaPQ 801 2$bMiAaPQ 906 $aBOOK 912 $a9910132173703321 996 $aCell and molecular biology and imaging of stem cells$92028503 997 $aUNINA